01090 2200337 4500001002100000005001500021035002000036007000300056008004100059020002200100040002200122082001700144084001900161090002300180090002200203100003300225245011300258250003500371300005000406500001100456650003400467700005100501850001200552504003400564264003600598336002100634337003000655338002300685999002200708990002200730INLIS00000000085925320210428083105 a0010-0421001158ta200217t2020 yoia g l 1 | ind d a978-623-02-1938-2 aYOPDYOGbinderda04223a658.1511 a658.1511 CHR a aDEP 658.1511 CHR a aCB-D.11 2020-19310 aChristian Herdinataepenulis10aAplikasi literasi keuangan bagi pelaku bisnis /cpenulis, Christian Herdinata, Fransisca Desiana Pranatasari aCetakan pertama, November 2020 aviii, 151halaman :bilustrasi, tabel ;c25 cm aIndeks 4aSistem informasi--xAkuntansi0 aFransisca Desiana Pranatasari,d1988-epenulis aYOPDYOG aBibliografi : halaman 139-14131aYogyakarta :bDeepublish,c2020 2rdacontentateks 2rdamediaatanpa perantara 2rdacarrieravolume aCB-D.11/2020-1931 aCB-D.11/2020-1931